000 00834nam a2200229Ia 4500
003 GCL
008 140319s9999 xx 000 0 ara d
040 _aGCL /
_cGCL
082 0 4 _a811.5
_bح د
100 1 _aابن حمد يس : ابومحمد عبدالجبار بن ابى بكر بن الازدى الصقلى
245 1 0 _aديوان بن حمد يس /
_cابن حمد يس : ابومحمد عبدالجبار بن ابى بكر بن الازدى الصقلى
260 _a[S.N] :
_bدار صادر
300 _a589 ص
490 _a
650 0 4 _aالشعر العربى
650 0 4 _aالادب العربى
650 0 4 _aدواوين وقصائد
650 0 4 _aالدولة العباسية الثانية
650 0 4 _aابن حمد ياسين الصقلى
650 0 4 _aتاريخ ونقد
942 _2ddc
_cBK
999 _c31444
_d31444